| 000 | 00448ntaaa2200181 4500 | ||
|---|---|---|---|
| 003 | 01 | ||
| 005 | 20251027202738.0 | ||
| 008 | 0714s1973 ag 01 | ||
| 040 |
_aAR-BaBN _bspa _cAR-BaBN _eaacr _dRIC |
||
| 082 | _a745.5000 P91r | ||
| 100 |
_aPrehn, Monica _927479 |
||
| 245 | _aEl retablo de Belén | ||
| 250 | _a1 ed. | ||
| 260 |
_aBuenos Aires : _bKapelusz, _cc1971 |
||
| 300 | _a21 p | ||
| 650 |
_atrabajos manuales-navidad _927480 |
||
| 942 | _cBK | ||
| 999 |
_c22706 _d22706 |
||